Países com 8 letras - Statistics

Estatísticas Gerais
  • Esse quiz foi jogado 134 vezes
    100 desde o último reset
  • A pontuação média é 9 de 27
Estatísticas das Respostas
Dica Resposta % Correto
A... Alemanha
58%
Z... Zimbábue
53%
H... Honduras
51%
J... Jordânia
51%
P... Portugal
46%
B... Bulgária
45%
L... Lituânia
43%
B... Botsuana
42%
El S... Salvador
39%
P... Paraguai
36%
V... Vaticano
36%
I... Islândia
35%
C... Colômbia
34%
M... Marrocos
34%
C... Camarões
28%
D... Dominica
28%
B... Barbados
27%
M... Moldávia
26%
V... Vietname
23%
B... Birmânia
20%
E... Eritreia
20%
T... Tanzânia
19%
M... Maldivas
18%
S... Suriname
18%
M... Mongólia
15%
M... Maurícia
12%
S... Sri Lanka
3%
Nenhum quiz correspondente encontrado
Distribuição das Pontuações
Porcentagem de Pessoas com Cada Pontuação
Percentil de Números Respondidos
Sua Pontuação Histórica
Você não jogou esse quiz desde o último reset